| Поле | Инд. | ПП | Название | Значение |
|---|---|---|---|---|
| Тип записи | a | |||
| Библиографический уровень | a | |||
| 001 | Контрольный номер | 5f1857bfcbc5430d835fef053b71d94a | ||
| 005 | Дата корректировки | 20190614125759.6 | ||
| 100 | a | Данные общей обработки | 20190614 ||| 0rusy0189 ca | |
| 101 | 0_ | a | Язык текста | rus |
| 102 | a | Страна публикации | RU | |
| 200 | 1_ | f | Первые сведения об ответственности | В.Р. Кисин |
| a | Заглавие | Субъект административного правонарушения и субъект административной ответственности: сходство и различие | ||
| b | Общее обозначение материала | Текст | ||
| 210 | 1_ | d | Дата издания | 2019 |
| 461 | _0 | 1 | 2000 | |
| a | Административное право и процесс | |||
| 463 | _0 | 1 | 2000 | |
| a | № 6 | |||
| v | С. 13-18 | |||
| 1 | 2101 | |||
| d | 2019 | |||
| 1 | 00188161c98aee74e70b9318f2ac38cb965 | |||
| 606 | a | Основная рубрика | Административное право | |
| 610 | 0_ | a | Ключевые слова | АДМИНИСТРАТИВНЫЕ ПРАВОНАРУШЕНИЯ |
| a | Ключевые слова | АДМИНИСТРАТИВНАЯ ОТВЕТСТВЕННОСТЬ | ||
| a | Ключевые слова | АДМИНИСТРАТИВНО-ДЕЛИКТНОЕ ПРАВО | ||
| a | Ключевые слова | СУБЪЕКТ ПРАВА | ||
| 700 | _1 | a | Фамилия | Кисин |
| b | Имя | В.Р. | ||
| 801 | _0 | a | Страна | RU |
| b | Организация | РГУП | ||
| c | Дата составления | 20190614 | ||
| g | Правила каталогизации | PSBO | ||
| 801 | _1 | a | Страна | RU |
| b | Организация | РГУП | ||
| c | Дата составления | 20190614 | ||
| g | Правила каталогизации | PSBO | ||
| 901 | t | Тип документа | b | |
| w | Контрольный № источника | 88161c98aee74e70b9318f2ac38cb965 | ||
| 905 | a | Дата ввода | 20190614 |